00993nab a2200253uuc4500001000800000005001700008008004100025035001200066035002100078040001300099041000800112100004500120245009900165650004300264650004900307650003900356700004100395700004800436700005200484700004300536773013100579942001000710999001900720106211120240831090655.0080116s2007 spa  a1062111 a(OCoLC)820382266 ccomduadb aspa10aAndres Martin, Luis de4auteaut959526613aElaboracion de una prueba para evaluar el nivel de vocabulario expresivo en educacion infantil 7aCompetencia comunicativa2embne952369 aInvestigación educativa - España9152687 7aEducación de niños2lemb9471110aGil Flores, Javier4auteaut931287310aMarin Isorna, Maria Oliva4auteaut959526710aMoreno Piñero, Maria Isabel4auteaut945234210aRios Tirado, Pastora4auteaut94514390 tRevista de Psicología General y Aplicada (Valencia)gVol. 60, No. 001-002, Ene.-Abr. 2007, p. 9-24w138510x0373-2002070033 cARIMP c445977d445977